| 000 | 02159nam0a2200385 4500 | ||
|---|---|---|---|
| 001 | RU\NLR\BIBL_A\022277128 | ||
| 005 | 20241031093035.0 | ||
| 010 |
_a978-5-6050105-0-0 _9100 |
||
| 021 |
_aRU _bКН-П-24-031255 _9КН-П-24-3163 |
||
| 035 | _a(NLR Aleph) 022277128 | ||
| 090 |
_a12377238 _c12377238 |
||
| 100 | _a20240712d2023 u y0rusy50 ca | ||
| 101 | 0 |
_arus _deng |
|
| 102 | _aRU | ||
| 105 | _aac g 000yy | ||
| 181 | 0 |
_ai3 _baxxe |
|
| 182 | 0 | _an | |
| 200 | 1 |
_aИстория развития дальневосточной рок-музыки _dThe history of the development of Far Eastern rock music _eсправочное издание _fБелогрудова И. Г., Тарасов О. Ю. _gСтуденческое научное общество "CyberNet", Хабаровский институт инфокоммуникаций СибГУТИ _zeng |
|
| 203 |
_aТекст _bвизуальный _cнепосредственный |
||
| 210 |
_aХабаровск _cCyberNet _d2023 |
||
| 215 |
_a103 с. _cил., портр. _d20 |
||
| 300 | _aАвт. также на англ. яз.: Belogrudova Irena G., Tarasov Oleg Yu. | ||
| 300 | _aРез. англ. | ||
| 320 | _aБиблиогр.: с. 101-102 и в подстроч. примеч. | ||
| 510 | 1 |
_6z22790 _aThe history of the development of Far Eastern rock music _zeng |
|
| 606 | 1 |
_aРок-музыка _jСправочники _yРоссийская Федерация _yДальний Восток _92646620 _3RU\NLR\AUTH\6601746213 |
|
| 686 | 1 | _aЩ313(2Р5)7-487.51 я2 | |
| 700 | 1 |
_aБелогрудова _bИ. Г. _gИрена Геннадьевна |
|
| 701 | 1 |
_7ca _8rus _aТарасов _bО. Ю. _cканд. ист. наук, обрядовая культура _f1972- _gОлег Юрьевич _9107047 _3RU\NLR\AUTH\77124122 |
|
| 790 | 1 |
_6z22 _aBelogrudova _bI. G. _gIrena Gennad'evna |
|
| 790 | 1 |
_6z22 _6z22510 _7ba _8rus _aTarasov _bO. Ju. _cканд. ист. наук, обрядовая культура _f1972- _gOleg Jur'evič _9107048 _3RU\NLR\AUTH\77124123 |
|
| 942 | _cBOOK | ||
| 980 | _aNB | ||